Socialistická ekonomická integrácia vo výchovných cieľoch odborných predmetov Pedagogické čítanie

Enregistré dans:
Détails bibliographiques
Format: Livre
Langue:slovaque
Publié: Bratislava Slov. ped. nakl. 1984
Édition:1. vyd.
Tags: Ajouter un tag
Pas de tags, Soyez le premier à ajouter un tag!

MARC

LEADER 00000nam a2200000 4500
001 c024458
005 20250708093036.7
041 0 |a slo 
044 |a SK 
245 1 0 |a Socialistická ekonomická integrácia vo výchovných cieľoch odborných predmetov  |b Pedagogické čítanie  |c Cyril Martinisko 
250 |a 1. vyd. 
264 1 |a Bratislava  |b Slov. ped. nakl.  |c 1984 
300 |a 155 s.  |e príl.